Länder Westafrikas - Statistiken

Allgemein
  • Dieses Quiz wurde 34 mal gespielt
  • Das Durchschnittsergebnis liegt bei 13 aus 16
Antwortstatistiken
Land % Korrekt
Elfenbeinküste
94%
Togo
90%
Ghana
90%
Guinea
90%
Senegal
87%
Mauretanien
87%
Benin
84%
Mali
81%
Nigeria
81%
Guinea-Bissau
81%
Niger
81%
Burkina Faso
77%
Sierra Leone
77%
Gambia
77%
Liberia
65%
Kap Verde
61%
Keine übereinstimmenden Quizze gefunden
Verteilung der Resultate
Anzahl Personen mit jedem Resultat
Perzentil nach korrekt beantworteten Fragen
Ihre Resultats-Entwicklung
Sie haben dieses Quiz noch nicht gespielt